Normal view
MARC view
- Wheelock,Keith
Entry Personal Name
001 - CONTROL NUMBER
- control field: 112092
003 - CONTROL NUMBER IDENTIFIER
- control field: NUST
005 - DATE AND TIME OF LATEST TRANSACTION
- control field: 20230504104339.0
008 - FIXED-LENGTH DATA ELEMENTS
- fixed length control field: 230504|| aca||aabn | a|a d
040 ## - CATALOGING SOURCE
- Original cataloging agency: NUST
- Transcribing agency: NUST
100 ## - HEADING--PERSONAL NAME
- Personal name: Wheelock,Keith
670 ## - SOURCE DATA FOUND
- Source citation: Work cat.: (NUST)187600: Wheelock,Keith, Nasser`s New Egypt:
